Don Kişot'lar Akkuyu'ya karşı (Record no. 6915)

MARC details
000 -BAŞLIK
Sabit Uzunlukta Kontrol Alanı 01078na a2200325 4500
001 - KONTROL NUMARASI
Denetim Alanı 13042
003 - KONTROL NUMARASI IDENTIFIER
Denetim Alanı MIRAKIL
005 - SON İŞLEM TARİHİ VE ZAMANI
Denetim Alanı 20181213155123.0
008 - SABİT-BOY VERİ ELEMANLARI - GENEL BİLGİLER
Sabit Uzunlukta Kontrol Alanı 160930b tu 000 0
020 ## - ULUSLARARASI STANDART KİTAP NUMARASI
Uluslararası Standart Kitap Numarası 97539555219
035 ## - SİSTEM KONTROL NUMARASI
Sistem Kontrol Numarası 13042
040 ## - KATALOGLAMA KAYNAK
Orijinal Kataloglama Ajansı Milas
Kataloglama Dili tur
Metne Dönüştürmek Ajansı TR-AnCHP
041 ## - DİL KODU
Metin / Ses Parça Veya Ayrı Başlığın Dil Kodu tur
082 ## - DEWEY ONLU SINIFLANDIRMA NUMARASI
Sınıflandırma Numarası 333.792417
Ürün Numarası K95d 2002
090 ## - SINIFLAMA NUMARASI
Sınıflama Numarası 333.792417 K95d 2002
100 ## - ANA GİRİŞ - KİŞİSEL İSİM
Kişisel Ad Künar, Arif
245 ## - BAŞLIK TABLOSU
Başlık Don Kişot'lar Akkuyu'ya karşı
Başlığın Kalan Anti-nükleer hikayeler
Sorumluluk Tablosu, Vb Arif Künar
246 ## - UNVAN FORM VARYING
Başlık Doğru / Kısa Başlığı Antinükleer hikayeler
246 ## - UNVAN FORM VARYING
Başlık Doğru / Kısa Başlığı Don Kişotlar Akkuyuya karşı
246 ## - UNVAN FORM VARYING
Başlık Doğru / Kısa Başlığı Anti-nükleer hikayeler
260 ## - YAYIN, DAĞITIM, VB
Yayın, Dağıtım, Vb Yeri Ankara
Yayıncı, Dağıtıcı, Vs Adı TMMOB
Yayın, Dağıtım, Vb Tarihi 2002
300 ## - FİZİKSEL TANIM
Kapsam 257 s.
Diğer Fiziksel Ayrıntıları res.
Boyutlar 22 sm.
610 ## - KONU KATMA GİRİŞ - TOPLANTI ADI
Giriş Elemanı Olarak Kurumsal Ad Veya Yargı Alanı Adı Akkuyu Nükleer
Genel Alt Bölüm Etki değerlendirmesi
Kronolojik Alt Bölüm Eleştiriler
Coğrafi Alt Bölüm Türkiye
650 ## - KONU KATMA GİRİŞ - TOPİKAL DÖNEM
Topikal Süreli Veya Coğrafi Ad Giriş Elemanı Nükleer kuyular
Genel Alt Bölümü Karşı eylemler
Coğrafi Alt Bölümü Türkiye
650 ## - KONU KATMA GİRİŞ - TOPİKAL DÖNEM
Topikal Süreli Veya Coğrafi Ad Giriş Elemanı Nükleer reaktörler
Genel Alt Bölümü Tartışmalar
Coğrafi Alt Bölümü Türkiye
650 ## - KONU KATMA GİRİŞ - TOPİKAL DÖNEM
Topikal Süreli Veya Coğrafi Ad Giriş Elemanı Çevre kirliliği
Genel Alt Bölümü Radyasyon
Kronolojik Alt Bölümü Eleştiriler
Coğrafi Alt Bölümü Türkiye
651 ## - KONU KATMA GİRİŞ - COĞRAFİ ADI
Coğrafi İsim Türkiye
Genel Alt Bölümü Nükleer enerji politikaları
942 ## - EKLENDİ GİRİŞ ELEMANLARI (KOHA)
Sınıflandırma Veya Raf Düzeni Kaynak
Koha Öğesi Türü Books
999 ## - SİSTEM KONTROL NUMARALARI (KOHA)
Koha Biblionumber 6915
Koha Biblioitemnumber 6915
657 ## - INDEX SÜRE - İŞLEVİ
-- Nükleer enerji politikaları
-- Türkiye
Holdings
Kalıcı Konum Mevcut Konum Edinme Tarihi Edinim Kaynak Toplam Check-Out'Lar Tam Çağrı Numarası Barkod Tarih Son Görülme İtibaren Geçerli Fiyatlar Koha Öğesi Türü
CHP Kütüphanesi CHP Kütüphanesi 08/04/2016 Bağış   333.792417 K95d 2002 000622 08/04/2016 08/04/2016 Books